1448 1133 1573 1364 1199 1895 1646 1596 1086 1260 1199 1106 1811 1292 1526 1056 1626 1078 1611 1720 1414 1512 1440 1139 1321 1331 1789 1235 1583 1922 1111 1082 1167 1936 1602 1589 1270 1076 1209 1236 1616 1051 1006 1002 1813 1698 1903 1662 1941 1848 1252 1560 1538 1232 1854 1278 1037 1873 1617 1633 1801 1354 1112 1772 1613 1597 1056 1388 1794 1341 1090 1116 1949 1171 1865 1995 1136 1368 1365 1301 1760 1844 1054 1410 1853 1495 1370 1069 1600 1885 1045 1129 1228 1429 1637 1571 1628 1213 1647 BCNSPRNW ULIB Ver.6.0+V

เปลี่ยนเป็นภาษาไทย

Change to English
 แสดงรายละเอียดบรรณานุกรม
  กลับหน้าหลัก

Brief Record : Get Marc (ISO 2709) : E-mail record : QR code < ปิดหน้าต่าง
LEADER : 00000nam 2200000uu 4500
001    13399115099
003     ULIB
008    120709s2551||||th 000 0 tha d
020    ^a9789747706598
090    ^aนว.^bล699ค 2551
100 0  ^aลูกชุบ
245 00 ^aคีย์รัก จังหวะหัวใจ เล่ม 1/^cลูกชุบ
250    ^aพิมพ์ครั้งที่ 1
260    ^aกรุงเทพฯ :^bแจ่มใส,^c2551
300    ^a223 หน้า
710 1  ^aแจ่มใส
945    ^p0^l0^i14813
995    ^aกัณชพร
999    ^aใช้งานได้ทุกระบบ
รายการนี้ยังไม่มีแท็ก
คุณยังไม่ได้ล็อกอิน คุณสามารถมีกิจกรรมร่วมกับเว็บไซต์ได้ แต่ต้องล็อกอินก่อน ::
  ล็อกอิน

รายการสื่อสารสนเทศ

ลำดับที่ ประเภท เลขเรียก/บาร์โค้ด สถานที่ สถานะ
1. นวนิยาย
นวนิยาย
นว. ล699ค 2551  
  Barcode: 14813
ห้องสมุดวิทยาเขตสวรรค์ประชารักษ์
►นวนิยาย
บนชั้น
  ขอยืม

รายการใกล้เคียง
    ผู้แต่ง [ลูกชุบ]

BibComment


ยังไม่เคยถูกคอมเมนท์

คอมเมนท์ทรัพยากรรายการนี้
  คอมเมนท์: คีย์รัก จังหวะหั..


 Copyright 2026. Bcnsprnw @Library